The Story of our language /

Guardat en:
Dades bibliogràfiques
Autor principal: Alexander, Henry, 1890-
Format: Llibre
Idioma:English
Publicat: Garden City, N.Y. : Dolphin Books, 1962, c1940.
Col·lecció:A Dolphin book
Matèries:
LEADER 00959nam a2200265 a 4500
001 c000053912
003 CARM
005 19851004000000.0
008 851015c19621940nyub b 001 0 eng d
019 1 |a 3930258  |5 LACONCORD2021 
035 |a (OCoLC)7260656  |5 LACONCORD2021 
040 |a SFED:AD  |b eng  |c SFED:AD 
082 1 4 |a 420./9  |2 19 
100 1 |a Alexander, Henry,  |d 1890- 
245 1 4 |a The Story of our language /  |c Henry Alexander. 
260 |a Garden City, N.Y. :  |b Dolphin Books,  |c 1962, c1940. 
300 |a 240 p. :  |b maps ;  |c 18 cm. 
490 0 |a A Dolphin book 
500 |a Includes index. 
504 |a Bibliography : p. 229-232. 
650 0 |a English language  |x Etymology. 
650 0 |a English language  |x History. 
852 8 |b CARM  |h A2:AG03G0  |i A00526  |p 0080883  |f BK 
999 f f |i b4d0220a-b249-5816-88dc-7f8d77c27416  |s b59c9da4-b677-53a1-a5af-6a089bcbb3d3 
952 f f |p Can circulate  |a CAVAL  |b CAVAL  |c CAVAL  |d CARM 1 Store  |e A00526  |f A2:AG03G0  |h Other scheme  |i book  |m 0080883